00445nam a22001577a 450000500170000000800410001702000270005804000090008504100120009408200160010610000310012224500640015326000340021730000170025165000190026820260514121826.0260514b |||||||| |||| 00| 0 eng d a9788173054884c5950.00 aMAIN aEnglish a610.28bSCI aChakrabarti, Dilip K. (ed) aScience and Technology Medicineb: History of Ancient India aNew DelhibAryan Books c2023 a580bVol.9th aCommunication